00434 2200169 4500001002100000005001500021008004100036020001800077035001900095041000700114082000800121090001400129100001400143245004600157260003800203300002300241INLIS00000000000006720241224112118241224||||||||| | ||| |||| || |  a979-6610-36-1 0010-1224000067 aid0 a342 a342 TIM b0 aTim BRPLH00aBunga Rampai Perundangan Lingkungan Hidup aYogyakartabMedia Pressindoc2007 av, 120 hlm.; 21 cm